000 00387cam a2200157ua 4500
041 _amal
_h
082 _a894.812 803
_bABA/MA
100 _aAbhayader, .
245 _aMankolangal /
_cAbhayader.
_hTextual Documents
250 _a1 /
_b.
260 _a :
_bSahitya Pravarthaka Co-operative Society ,
_c1957.
300 _a175 ; .
504 _a
942 _cBK
999 _c3751
_d3751